| 000 | 00726cam a22002771 4500 | ||
|---|---|---|---|
| 001 | 7488801 | ||
| 003 | OSt | ||
| 005 | 20140310184528.0 | ||
| 008 | 751103s1960 nyua 000 1 eng | ||
| 010 | _a 60006209 | ||
| 020 | _a0439322286 | ||
| 035 | _a(OCoLC)1800760 | ||
| 040 |
_aDLC _cFM _dOCoLC _dDLC |
||
| 042 | _apremarc | ||
| 050 | 0 | 0 |
_aPZ 7 _b.Ea115We 1960 |
| 100 | 1 |
_aEager, Edward. _923861 |
|
| 245 | 1 | 4 |
_aThe well-wishers / _cEdward Eager |
| 260 |
_aNew York, _bScholastic Inc., _c1960. |
||
| 300 |
_a191 p. _bill. ; _c21 cm. |
||
| 521 | _aG5 | ||
| 526 | _c790 | ||
| 650 |
_aFiction _xJuvenile _930409 |
||
| 906 |
_a7 _bcbc _coclcrpl _du _encip _f19 _gy-gencatlg |
||
| 942 |
_2lcc _cBK-SCHOLAS |
||
| 999 |
_c35169 _d35169 |
||